[Event "1st League CS 2011"]
[Site "Kraljevo"]
[Date "2011.09.18"]
[Round "2.1"]
[White "Pantelic, Sasa"]
[Black "Misailovic, Nebojsa"]
[Result "1/2-1/2"]
[WhiteElo "2334"]
[BlackElo "2301"]
[PlyCount "39"]
[EventDate "2011.09.17"]

1. d4 Nf6 2. c4 g6 3. Nc3 d5 4. Nf3 Bg7 5. Bg5 c5 6. Bxf6 Bxf6 7. cxd5 Qb6 8.
Qb3 cxd4 9. Qxb6 axb6 10. Nb5 O-O 11. Nfxd4 e5 12. Nb3 e4 13. Nc3 Na6 14. a3 e3
15. fxe3 Nc5 16. Nxc5 bxc5 17. g3 b5 18. Nxb5 Rb8 19. a4 Bd7 20. Rc1 1/2-1/2

[Event "1st League CS 2011"]
[Site "Kraljevo"]
[Date "2011.09.18"]
[Round "2.1"]
[White "Pavlovic, Dejan S"]
[Black "Radovanovic, Jovica"]
[Result "0-1"]
[WhiteElo "2430"]
[BlackElo "2320"]
[PlyCount "72"]
[EventDate "2011.09.17"]

1. e4 c5 2. Nf3 Nc6 3. d4 cxd4 4. Nxd4 Nf6 5. Nc3 Qb6 6. Nb3 e6 7. Bd3 a6 8.
O-O Be7 9. Be3 Qc7 10. f4 d6 11. a4 b6 12. Qf3 Bb7 13. Qg3 Nb4 14. a5 bxa5 15.
Nxa5 g6 16. Bd4 O-O 17. f5 Nh5 18. Qh3 exf5 19. exf5 Bf6 20. Bxf6 Nxf6 21. Nxb7
Qxb7 22. fxg6 fxg6 23. Bc4+ Kh8 24. Bb3 Rfe8 25. Rad1 Qb6+ 26. Kh1 h5 27. Na4
Qb5 28. c4 Qg5 29. Kg1 Re3 30. Rf3 Ng4 31. Rxe3 Nxe3 32. Re1 Re8 33. Qg3 Qxg3
34. hxg3 Nd3 35. Rb1 Rf8 36. Ba2 Rf2 0-1

[Event "1st League CS 2011"]
[Site "Kraljevo"]
[Date "2011.09.18"]
[Round "2.1"]
[White "Ivanov, Mikhail M"]
[Black "Ratkovic, Milovan"]
[Result "1-0"]
[WhiteElo "2396"]
[BlackElo "2177"]
[PlyCount "81"]
[EventDate "2011.09.17"]

1. d4 d5 2. c4 c6 3. Nf3 Nf6 4. Nc3 e6 5. Bg5 Nbd7 6. cxd5 exd5 7. e3 Be7 8.
Bd3 O-O 9. Qc2 Re8 10. O-O Nf8 11. Rae1 Ng6 12. Ne5 Ng4 13. Bxe7 Qxe7 14. f4
Qh4 15. Nf3 Qd8 16. Nd1 Bd7 17. h3 Nf6 18. f5 Ne7 19. Nf2 Rc8 20. Ng4 Nxg4 21.
hxg4 f6 22. g5 Kh8 23. b4 Ng8 24. gxf6 Nxf6 25. Ne5 Qc7 26. Qb2 Re7 27. a3 Rce8
28. Bb1 Rxe5 29. dxe5 Rxe5 30. Qd4 Qb8 31. Qf4 Qe8 32. a4 b6 33. a5 bxa5 34.
bxa5 c5 35. Bd3 d4 36. e4 Nd5 37. Qg3 Ne3 38. f6 gxf6 39. Rxf6 Re7 40. Qf4 Qg8
41. Rf8 1-0

[Event "1st League CS 2011"]
[Site "Kraljevo"]
[Date "2011.09.18"]
[Round "2.1"]
[White "Civric, Zdravko"]
[Black "Misojcic, Miroslav"]
[Result "1/2-1/2"]
[WhiteElo "2203"]
[BlackElo "2242"]
[PlyCount "86"]
[EventDate "2011.09.17"]

1. e4 c5 2. Nf3 Nc6 3. d4 cxd4 4. Nxd4 Nf6 5. Nc3 e6 6. g3 d5 7. Bb5 Bd7 8.
exd5 exd5 9. O-O Be7 10. Re1 O-O 11. Bg5 h6 12. Bf4 Re8 13. Qd2 a6 14. Nxc6
bxc6 15. Bd3 Be6 16. a3 c5 17. Rad1 Bd6 18. Bf1 Bxf4 19. Qxf4 Qb6 20. b3 Qa5
21. Na4 Bd7 22. Rxe8+ Rxe8 23. Qd6 Bxa4 24. bxa4 c4 25. Qb4 Qc7 26. Bg2 Rd8 27.
Rd4 Rb8 28. Qe1 Qc5 29. Qd1 Qxa3 30. Bxd5 Nxd5 31. Rxd5 Qxa4 32. h4 Qc6 33. Rd6
Qb5 34. Kh2 a5 35. Rd5 Qb6 36. Qf3 a4 37. Rd7 Qf6 38. Qxf6 gxf6 39. Ra7 Rb2 40.
Rxa4 Rxc2 41. Ra8+ Kg7 42. Kg2 Kg6 43. Kf3 h5 1/2-1/2

[Event "1st League CS 2011"]
[Site "Kraljevo"]
[Date "2011.09.18"]
[Round "2.1"]
[White "Urosevic, Zoran"]
[Black "Ratkovic, Miloje"]
[Result "1-0"]
[WhiteElo "2269"]
[BlackElo "2135"]
[PlyCount "73"]
[EventDate "2011.09.17"]

1. e4 c6 2. Nc3 d5 3. Nf3 Bg4 4. Be2 e6 5. O-O Nf6 6. h3 Bh5 7. exd5 cxd5 8. d4
Nc6 9. Be3 Be7 10. Ne5 Bxe2 11. Nxe2 Qc7 12. Nd3 O-O 13. c3 Na5 14. Bf4 Bd6 15.
Re1 Bxf4 16. Nexf4 Nc4 17. Rb1 b5 18. Ne2 Rfb8 19. Nec1 a5 20. a3 Rb6 21. Nb3
Nd7 22. Re2 Nb8 23. Nbc5 Na6 24. a4 bxa4 25. Qxa4 Nxc5 26. Nxc5 e5 27. b3 e4
28. Ra1 Nd6 29. c4 Rab8 30. cxd5 Rb4 31. Qc6 Rc8 32. Qxc7 Rxc7 33. Na6 Rc8 34.
Nxb4 axb4 35. Ra6 Rd8 36. Rea2 f5 37. Ra8 1-0

[Event "1st League CS 2011"]
[Site "Kraljevo"]
[Date "2011.09.18"]
[Round "2.2"]
[White "Markovic, Zoran S"]
[Black "Radulski, Julian"]
[Result "1/2-1/2"]
[WhiteElo "2364"]
[BlackElo "2572"]
[PlyCount "127"]
[EventDate "2011.09.17"]

1. e4 e5 2. Nf3 Nc6 3. Bb5 g6 4. d4 exd4 5. Bg5 Be7 6. Bxe7 Qxe7 7. Bxc6 dxc6
8. Qxd4 Nf6 9. Nc3 Bg4 10. Nd2 c5 11. Qe3 Be6 12. h3 O-O-O 13. O-O-O Kb8 14.
Rhe1 b6 15. f4 Bc8 16. e5 Nd5 17. Nxd5 Rxd5 18. Ne4 Qe6 19. Nc3 Rxd1+ 20. Rxd1
Bb7 21. Rd2 f6 22. Re2 fxe5 23. Qxe5 Qxe5 24. fxe5 Kc8 25. Kd2 Kd7 26. Ne4 Bxe4
27. Rxe4 Ke6 28. Ke3 Rd8 29. Rf4 Rd1 30. Rf6+ Kxe5 31. Rf7 Rg1 32. Re7+ Kd6 33.
Rxh7 Rxg2 34. Kd3 b5 35. b3 Rg3+ 36. Kd2 a5 37. h4 c4 38. bxc4 bxc4 39. h5 gxh5
40. Rxh5 c5 41. Rh6+ Kd5 42. Rh5+ Kc6 43. a4 c3+ 44. Ke2 Rg4 45. Kd3 Rxa4 46.
Kxc3 Kb5 47. Rh8 Ra3+ 48. Kb2 Rg3 49. Rb8+ Kc6 50. Ra8 Kb5 51. Rb8+ Kc4 52. Rc8
Rg5 53. Rc7 Kb5 54. Rb7+ Kc6 55. Ra7 Kb6 56. Ra8 Rg7 57. Kb3 Rg3+ 58. c3 Rg4
59. Rb8+ Ka7 60. Rb5 a4+ 61. Kc2 Rg2+ 62. Kb1 Rg5 63. Kb2 Ka6 64. c4 1/2-1/2

[Event "1st League CS 2011"]
[Site "Kraljevo"]
[Date "2011.09.18"]
[Round "2.2"]
[White "Arsovic, Zoran"]
[Black "Nestorovic, Dejan"]
[Result "1/2-1/2"]
[WhiteElo "2444"]
[BlackElo "2390"]
[PlyCount "28"]
[EventDate "2011.09.17"]

1. Nf3 Nf6 2. c4 e6 3. g3 a6 4. Bg2 b5 5. b3 Bb7 6. Nc3 b4 7. Na4 Be7 8. O-O
O-O 9. d4 Be4 10. Bg5 d6 11. Qd2 a5 12. Bxf6 Bxf6 13. Rac1 Nd7 14. Rfd1 Nb6
1/2-1/2

[Event "1st League CS 2011"]
[Site "Kraljevo"]
[Date "2011.09.18"]
[Round "2.2"]
[White "Kostic, Nebojsa"]
[Black "Marinkovic, Ivan"]
[Result "1/2-1/2"]
[WhiteElo "2295"]
[BlackElo "2425"]
[PlyCount "22"]
[EventDate "2011.09.17"]

1. c4 c5 2. Nf3 Nf6 3. d4 cxd4 4. Nxd4 b6 5. Nc3 Bb7 6. f3 e6 7. e4 d6 8. Be3
Be7 9. Be2 O-O 10. Qd2 a6 11. O-O Nbd7 1/2-1/2

[Event "1st League CS 2011"]
[Site "Kraljevo"]
[Date "2011.09.18"]
[Round "2.2"]
[White "Dudukovic, Nikola"]
[Black "Arsovic, Goran"]
[Result "0-1"]
[WhiteElo "2252"]
[BlackElo "2409"]
[PlyCount "148"]
[EventDate "2011.09.17"]

1. Nf3 Nf6 2. g3 g6 3. Bg2 Bg7 4. O-O O-O 5. c4 d6 6. Nc3 Nc6 7. d3 h6 8. Rb1
a5 9. a3 e5 10. b4 axb4 11. axb4 Be6 12. Bd2 Qd7 13. Qc1 Kh7 14. b5 Ne7 15. Rd1
Nh5 16. Ne1 c6 17. bxc6 bxc6 18. Qb2 Ra7 19. Be3 Rc7 20. Qa3 f5 21. Nc2 Nf6 22.
Nb4 Ng4 23. Bd2 Ra7 24. Qc1 Rc8 25. h3 Nf6 26. Be3 Raa8 27. Kh2 d5 28. d4 e4
29. c5 Nh5 30. f4 Qc7 31. Bf2 Bf6 32. e3 g5 33. Qd2 Ra5 34. Nc2 Rg8 35. Rb6 Ra7
36. Ra1 Rxa1 37. Nxa1 gxf4 38. gxf4 Ng6 39. Ne2 Qg7 40. Bh1 Bd7 41. Qe1 Qe7 42.
Rb7 Rg7 43. Nc2 Qd8 44. Nb4 Qa8 45. Rb6 Bd8 46. Ra6 Qb7 47. Bg2 Bc7 48. Bf1 Rg8
49. Ra4 Bd8 50. Nc3 Rg7 51. Be2 Nhxf4 52. exf4 Nxf4 53. Bf1 Ne6 54. Kh1 Qc7 55.
Bg2 Bf6 56. Nbxd5 cxd5 57. Nxd5 Qd8 58. Ra6 Bc8 59. Rd6 Qf8 60. Qd2 Bg5 61. Qe2
Nf4 62. Nxf4 Bxf4 63. Rb6 Bc7 64. Rb1 Qf7 65. Ra1 Be6 66. Qe3 Qg6 67. Rg1 Bd5
68. Bf1 Qf6 69. Rxg7+ Qxg7 70. Bg2 f4 71. Qd2 Qg6 72. Be3 Qg3 73. Bg1 f3 74.
Bf1 f2 0-1

[Event "1st League CS 2011"]
[Site "Kraljevo"]
[Date "2011.09.18"]
[Round "2.2"]
[White "Simonovic, Aleksandar"]
[Black "Zivkovic, Momcilo"]
[Result "1/2-1/2"]
[WhiteElo "2401"]
[BlackElo "2127"]
[PlyCount "37"]
[EventDate "2011.09.17"]

1. c4 e6 2. d4 d5 3. Nc3 c6 4. Nf3 Nd7 5. e4 dxe4 6. Nxe4 Ngf6 7. Nxf6+ Nxf6 8.
Be2 Bb4+ 9. Bd2 Bxd2+ 10. Qxd2 Ne4 11. Qe3 Qa5+ 12. Nd2 Qxd2+ 13. Qxd2 Nxd2 14.
Kxd2 b6 15. Bf3 Bb7 16. a4 O-O-O 17. Kc3 c5 18. Bxb7+ Kxb7 19. Rad1 1/2-1/2

[Event "1st League CS 2011"]
[Site "Kraljevo"]
[Date "2011.09.18"]
[Round "2.3"]
[White "Rabrenovic, Vladan"]
[Black "Todorovic, Jovan"]
[Result "0-1"]
[WhiteElo "2378"]
[BlackElo "2420"]
[PlyCount "118"]
[EventDate "2011.09.17"]

1. d4 Nf6 2. c4 g6 3. Nc3 Bg7 4. e4 d6 5. Bd3 O-O 6. Nge2 Nbd7 7. O-O e5 8. d5
Nc5 9. Bc2 a5 10. Rb1 c6 11. b3 cxd5 12. cxd5 b5 13. b4 axb4 14. Rxb4 Bd7 15.
a3 Qa5 16. f3 Rfc8 17. Bd3 Rab8 18. Kh1 Nh5 19. g3 Nf6 20. Kg2 h5 21. h4 Ne8
22. Na2 Nxd3 23. Qxd3 Rc4 24. Qxc4 bxc4 25. Rxb8 Kh7 26. Nac3 Nc7 27. Rd8 Ba4
28. Nxa4 Qxa4 29. Rxd6 Nb5 30. Rc6 Nd4 31. Nxd4 exd4 32. Bf4 d3 33. Rc1 c3 34.
R6xc3 Bxc3 35. Rxc3 Qd1 36. Rc7 Qe2+ 37. Kh3 Qxf3 38. Kh2 Qe2+ 39. Kg1 Qe1+ 40.
Kh2 d2 41. Bxd2 Qxd2+ 42. Kg1 Kg7 43. Re7 Kf8 44. Rb7 Qe1+ 45. Kh2 Qe2+ 46. Kg1
Qxe4 47. Rb8+ Kg7 48. d6 Qd4+ 49. Kh2 Qd2+ 50. Kh3 Qxd6 51. Rb4 Qe6+ 52. Kg2
Qa2+ 53. Kh3 Qxa3 54. Rf4 Qb2 55. Rf1 Qe2 56. Rf4 f5 57. Ra4 Kf6 58. Rf4 Ke5
59. Ra4 Qg4+ 0-1

[Event "1st League CS 2011"]
[Site "Kraljevo"]
[Date "2011.09.18"]
[Round "2.3"]
[White "Mijailovic, Zoran"]
[Black "Kojovic, Dragan"]
[Result "1/2-1/2"]
[WhiteElo "2414"]
[BlackElo "2367"]
[PlyCount "51"]
[EventDate "2011.09.17"]

1. d4 e6 2. Nf3 f5 3. g3 Nf6 4. Bg2 d5 5. O-O Bd6 6. c4 c6 7. Qc2 O-O 8. Nc3
Ne4 9. Rb1 Nd7 10. b4 Nxc3 11. Qxc3 dxc4 12. Qxc4 Nb6 13. Qc2 Nd5 14. Bd2 Qe7
15. a3 Bd7 16. e4 fxe4 17. Ng5 h6 18. Nxe4 e5 19. Nxd6 Qxd6 20. dxe5 Qxe5 21.
Rbe1 Qh5 22. Qb2 Rae8 23. Qd4 a6 24. Bc1 Bh3 25. Bb2 Nf6 26. Qc4+ 1/2-1/2

[Event "1st League CS 2011"]
[Site "Kraljevo"]
[Date "2011.09.18"]
[Round "2.3"]
[White "Sredojevic, Ivan"]
[Black "Lapcevic, Milos"]
[Result "0-1"]
[WhiteElo "2426"]
[BlackElo "2420"]
[PlyCount "86"]
[EventDate "2011.09.17"]

1. e4 c5 2. Nf3 d6 3. d4 cxd4 4. Nxd4 Nf6 5. Nc3 a6 6. Bc4 e6 7. Bb3 b5 8. a3
Be7 9. O-O O-O 10. f4 Bb7 11. f5 e5 12. Nde2 Nbd7 13. Ng3 Nc5 14. Bd5 Qb6 15.
Be3 b4 16. axb4 Qxb4 17. Na2 Qxb2 18. Rb1 Qa3 19. Bc1 Qa5 20. Bxb7 Rab8 21. Nb4
Rxb7 22. Nc6 Qc7 23. Rxb7 Qxb7 24. Nxe7+ Qxe7 25. Bg5 Qa7 26. Be3 Qc7 27. Qf3
Rc8 28. h3 Qc6 29. Bxc5 Qxc5+ 30. Kh2 Qxc2 31. Qa3 Rc6 32. Qa5 h5 33. Qd8+ Kh7
34. Nxh5 Nxh5 35. Qh4 Kg8 36. Qxh5 Qxe4 37. Rf3 d5 38. Qg5 Rf6 39. Rg3 Kf8 40.
Qxg7+ Ke7 41. Rc3 Qf4+ 42. Kh1 Rb6 43. f6+ Ke6 0-1

[Event "1st League CS 2011"]
[Site "Kraljevo"]
[Date "2011.09.18"]
[Round "2.3"]
[White "Stankovic, Milos"]
[Black "Govedarica, Radovan"]
[Result "0-1"]
[WhiteElo "2375"]
[BlackElo "2389"]
[PlyCount "104"]
[EventDate "2011.09.17"]

1. e4 e5 2. Nf3 Nc6 3. Bc4 Be7 4. O-O Nf6 5. d4 d6 6. dxe5 Nxe5 7. Nxe5 dxe5 8.
Qxd8+ Bxd8 9. f4 Nxe4 10. fxe5 O-O 11. Re1 Nc5 12. Be3 Be7 13. Nc3 Be6 14. Nd5
Bxd5 15. Bxd5 c6 16. Bc4 Rfd8 17. Rf1 Ne6 18. a4 Rd7 19. Rf2 Bf8 20. Raf1 Re8
21. Bd3 g6 22. Bxa7 Ra8 23. Be3 Rxa4 24. b3 Ra8 25. Bc4 Re8 26. Ra1 Bg7 27.
Bxe6 fxe6 28. Bf4 Rf8 29. Raf1 h6 30. h3 Rd4 31. Bg3 Rf5 32. Re1 g5 33. Rxf5
exf5 34. e6 Kf8 35. Ra1 Ke7 36. Re1 Rd2 37. c4 Bd4+ 38. Kh1 f4 39. Bh2 Bf2 40.
Rb1 Kxe6 41. Bg1 Bg3 42. b4 h5 43. b5 g4 44. bxc6 bxc6 45. Rb6 Rd1 46. Rxc6+
Kd7 47. Rc5 Ke6 48. Rd5 Rc1 49. hxg4 hxg4 50. Rd2 f3 51. gxf3 gxf3 52. Rd6+
Bxd6 0-1

[Event "1st League CS 2011"]
[Site "Kraljevo"]
[Date "2011.09.18"]
[Round "2.4"]
[White "Blesic, Vaso"]
[Black "Simantsev, Mikhail"]
[Result "1/2-1/2"]
[WhiteElo "2397"]
[BlackElo "2549"]
[PlyCount "96"]
[EventDate "2011.09.17"]

1. Nf3 c5 2. b3 Nf6 3. Bb2 e6 4. e3 Be7 5. Be2 O-O 6. O-O d5 7. c4 b6 8. cxd5
exd5 9. d4 Bb7 10. Nc3 Nbd7 11. Rc1 Rc8 12. Rc2 a6 13. Ne5 cxd4 14. exd4 Bd6
15. f4 b5 16. Bd3 Nb6 17. Qf3 b4 18. Nd1 Rxc2 19. Bxc2 Ne4 20. Re1 f6 21. Nd3
Qc7 22. Ne3 Re8 23. Rc1 Qb8 24. g3 Bf8 25. Nf2 Qa8 26. Bd3 a5 27. Bb5 Rc8 28.
Qg4 Rxc1+ 29. Bxc1 Bc8 30. Qf3 Nc3 31. Bd3 Ba6 32. Bc2 Ne2+ 33. Kg2 Nxc1 34.
Qh5 Nd3 35. Nxd3 Nc4 36. Qxd5+ Qxd5+ 37. Nxd5 Na3 38. Ne1 Kf7 39. Be4 g6 40.
Nc7 Bc8 41. h3 Bd7 42. Nc2 Nxc2 43. Bxc2 Bd6 44. Nd5 Bc6 45. Be4 f5 46. Bf3
Bxd5 47. Bxd5+ Kf6 48. Kf3 h6 1/2-1/2

[Event "1st League CS 2011"]
[Site "Kraljevo"]
[Date "2011.09.18"]
[Round "2.4"]
[White "Milenkovic, Mladen"]
[Black "Raicevic, Momcilo"]
[Result "1-0"]
[WhiteElo "2396"]
[BlackElo "2379"]
[PlyCount "64"]
[EventDate "2011.09.17"]

1. e4 c6 2. d4 g6 3. c4 d5 4. exd5 cxd5 5. Nc3 Nf6 6. Qb3 Bg7 7. cxd5 O-O 8.
Nge2 a6 9. g3 b5 10. Bg2 Bb7 11. O-O Nbd7 12. a4 Nb6 13. axb5 axb5 14. Bg5
Nfxd5 15. Qxb5 h6 16. Bd2 Rb8 17. Ra7 Nxc3 18. bxc3 Bxg2 19. Kxg2 e5 20. Rd1
Nd5 21. Rb7 Rxb7 22. Qxb7 exd4 23. cxd4 g5 24. Nc3 Ne7 25. Ne4 Re8 26. Bc1 Nf5
27. Ba3 Bxd4 28. Bc5 Re6 29. Bxd4 Nxd4 30. Ra1 Rb6 31. Ra8 Rxb7 32. Rxd8+ Kg7
1-0

[Event "1st League CS 2011"]
[Site "Kraljevo"]
[Date "2011.09.18"]
[Round "2.4"]
[White "Jovanovic, Nenad R"]
[Black "Dezelin, Milan"]
[Result "1/2-1/2"]
[WhiteElo "2338"]
[BlackElo "2287"]
[PlyCount "38"]
[EventDate "2011.09.17"]

1. Nf3 c5 2. b3 d6 3. d4 cxd4 4. Nxd4 Nf6 5. Bb2 Qa5+ 6. Qd2 Qxd2+ 7. Nxd2 Bd7
8. e4 Nc6 9. Nb5 Rc8 10. a3 a6 11. Nc3 Nd4 12. Bd3 e5 13. Nc4 Be6 14. Ne3 Be7
15. O-O-O Ng4 16. Nxg4 Bxg4 17. f3 Be6 18. Kb1 h5 19. a4 h4 1/2-1/2

[Event "1st League CS 2011"]
[Site "Kraljevo"]
[Date "2011.09.18"]
[Round "2.4"]
[White "Brankovic, Dejan"]
[Black "Vencl, Radivoje"]
[Result "1/2-1/2"]
[WhiteElo "2341"]
[BlackElo "2315"]
[PlyCount "87"]
[EventDate "2011.09.17"]

1. e4 e5 2. f4 exf4 3. Nf3 g5 4. d4 Bg7 5. Bc4 d6 6. O-O Nc6 7. c3 Qe7 8. a4 h6
9. Re1 Bg4 10. a5 Nf6 11. a6 O-O 12. axb7 Rab8 13. Ra6 Nd8 14. Rxa7 Rxb7 15.
Rxb7 Nxb7 16. Nbd2 c5 17. Qa4 cxd4 18. cxd4 Bxf3 19. Nxf3 g4 20. Nh4 Nxe4 21.
Bd5 Qxh4 22. Rxe4 Nd8 23. Bxf4 Ne6 24. g3 Qf6 25. Be3 Qf5 26. Qc4 Nc7 27. Qxc7
Qxd5 28. Qc2 Qf5 29. d5 Bxb2 30. h3 gxh3 31. Bxh6 Bg7 32. Bxg7 Kxg7 33. Qc3+
Kg6 34. Rf4 h2+ 35. Kxh2 Qg5 36. Qd3+ f5 37. Qe2 Qh5+ 38. Qxh5+ Kxh5 39. Rf2
Kg4 40. Re2 Ra8 41. Re6 Ra2+ 42. Kg1 Kxg3 43. Rg6+ Kf4 44. Rxd6 1/2-1/2

[Event "1st League CS 2011"]
[Site "Kraljevo"]
[Date "2011.09.18"]
[Round "2.4"]
[White "Lukic, Dragan M"]
[Black "Cvetanovic, Uros"]
[Result "1/2-1/2"]
[WhiteElo "2307"]
[BlackElo "2236"]
[PlyCount "75"]
[EventDate "2011.09.17"]

1. e4 c5 2. Nf3 d6 3. d4 cxd4 4. Nxd4 Nf6 5. Nc3 g6 6. Be3 Bg7 7. f3 O-O 8. Qd2
Nc6 9. O-O-O d5 10. exd5 Nxd5 11. Nxc6 bxc6 12. Nxd5 cxd5 13. Qxd5 Qc7 14. Qc5
Qb7 15. b3 Bf5 16. Bd3 Rfc8 17. Qa5 Bxd3 18. Rxd3 Qc6 19. c4 Qf6 20. Bd4 e5 21.
Bc3 Qg5+ 22. Rd2 Re8 23. Kb2 f5 24. Rhd1 Qf4 25. Qd5+ Kh8 26. g3 Qg5 27. Qa5
Qe3 28. Rd7 Qxf3 29. Qc7 Rac8 30. Qxc8 Rxc8 31. Rd8+ Rxd8 32. Rxd8+ Bf8 33.
Bxe5+ Kg8 34. Bd6 Qf2+ 35. Ka3 Qb6 36. Rxf8+ Kg7 37. c5 Qa5+ 38. Kb2 1/2-1/2

[Event "1st League CS 2011"]
[Site "Kraljevo"]
[Date "2011.09.18"]
[Round "2.4"]
[White "Mladenovic, Stefan"]
[Black "Nesic, Dragisa"]
[Result "1-0"]
[WhiteElo "2137"]
[BlackElo "2126"]
[PlyCount "115"]
[EventDate "2011.09.17"]

1. d4 Nf6 2. Nf3 c5 3. d5 d6 4. Nc3 g6 5. e4 Bg7 6. Be2 O-O 7. O-O Na6 8. Nd2
Nc7 9. a4 b6 10. Nc4 Rb8 11. f4 Ba6 12. Na3 Bxe2 13. Qxe2 a6 14. Nc4 Qd7 15.
Bd2 b5 16. axb5 axb5 17. Na5 b4 18. Nd1 Qb5 19. Qxb5 Nxb5 20. Nc6 Rb7 21. Nf2
e6 22. dxe6 fxe6 23. e5 Nd7 24. Nd3 Rb6 25. Na5 d5 26. Be3 Rc8 27. Rfc1 Bf8 28.
c4 bxc3 29. bxc3 Nc7 30. c4 d4 31. Bd2 Rcb8 32. Ra3 Ra8 33. Rca1 Rba6 34. Rb1
Rb6 35. Rxb6 Nxb6 36. Rb3 Ra6 37. Kf2 Ne8 38. Ke2 h5 39. Rb5 Na4 40. Nb3 Rc6
41. Rb8 Kf7 42. Rb7+ Rc7 43. Rb5 Rc6 44. Ra5 Nb6 45. Ra6 Nc7 46. Ra7 Nba8 47.
Ba5 Ke8 48. Rb7 Kd7 49. Rb8 Ke7 50. Ndxc5 Kf7 51. Nd7 Bh6 52. Kd3 Ke7 53. Nf6
Kf7 54. Nxd4 Ra6 55. Bxc7 Nxc7 56. Rb7 Bxf4 57. Rxc7+ Kf8 58. Ke4 1-0

[Event "1st League CS 2011"]
[Site "Kraljevo"]
[Date "2011.09.18"]
[Round "2.5"]
[White "Stojanovski, Dejan"]
[Black "Milanovic, Slavisa"]
[Result "1/2-1/2"]
[WhiteElo "2427"]
[BlackElo "2411"]
[PlyCount "20"]
[EventDate "2011.09.17"]

1. d4 e6 2. e4 d5 3. Nc3 Bb4 4. e5 c5 5. a3 Bxc3+ 6. bxc3 Ne7 7. Qg4 Qc7 8.
Qxg7 Rg8 9. Qxh7 cxd4 10. Ne2 dxc3 1/2-1/2

[Event "1st League CS 2011"]
[Site "Kraljevo"]
[Date "2011.09.18"]
[Round "2.6"]
[White "Bojkov, Dejan"]
[Black "Raicevic, Ivica"]
[Result "1-0"]
[WhiteElo "2541"]
[BlackElo "2282"]
[PlyCount "79"]
[EventDate "2011.09.17"]

1. e4 e6 2. d4 d5 3. Nd2 dxe4 4. Nxe4 Nd7 5. Nf3 Ngf6 6. Bd3 Nxe4 7. Bxe4 Nf6
8. Bg5 Be7 9. Bxf6 Bxf6 10. Qe2 O-O 11. O-O-O c5 12. dxc5 Qc7 13. Qd3 g6 14.
Qd6 Qa5 15. a3 Kg7 16. c6 bxc6 17. g4 Qb6 18. Qb4 Rb8 19. Qxb6 Rxb6 20. c3 c5
21. h4 Bb7 22. Bxb7 Rxb7 23. Nd2 Rd8 24. Nc4 Rd5 25. Nd6 Rb8 26. Ne4 Be7 27.
Kc2 Rbd8 28. g5 c4 29. Nd2 Rc8 30. Rhe1 Rf5 31. f3 h6 32. gxh6+ Kxh6 33. Re4
Rfc5 34. Nf1 R8c7 35. Ne3 Bf6 36. Rd6 Rh5 37. Rxc4 Rxc4 38. Nxc4 Rxh4 39. Nd2
a5 40. b4 1-0

[Event "1st League CS 2011"]
[Site "Kraljevo"]
[Date "2011.09.18"]
[Round "2.6"]
[White "Dmitrovic, Tomislav"]
[Black "Rajkovic, Dusan"]
[Result "0-1"]
[WhiteElo "2295"]
[BlackElo "2415"]
[PlyCount "56"]
[EventDate "2011.09.17"]

1. d4 Nf6 2. Nf3 e6 3. e3 b6 4. Bd3 Bb7 5. Nbd2 c5 6. b3 cxd4 7. exd4 Nd5 8.
O-O Nf4 9. Ne4 Nxd3 10. Qxd3 Be7 11. Bb2 d5 12. Ned2 Ba6 13. c4 Nc6 14. Rfc1
O-O 15. a3 Rc8 16. Qe3 dxc4 17. bxc4 Na5 18. Ne5 Bf6 19. c5 Qd5 20. Ng4 Bg5 21.
f4 Bb7 22. Nf3 Be7 23. Qc3 Qf5 24. h3 h5 25. Ne3 Qxf4 26. Rf1 bxc5 27. dxc5 f6
28. Nd4 Qe4 0-1

[Event "1st League CS 2011"]
[Site "Kraljevo"]
[Date "2011.09.18"]
[Round "2.6"]
[White "Ristic, Nenad"]
[Black "Markovic, Marko"]
[Result "1-0"]
[WhiteElo "2420"]
[BlackElo "2285"]
[Annotator "Milojevic,Boban"]
[PlyCount "66"]
[EventDate "2011.09.17"]

1. e4 e5 2. Nf3 Nc6 3. Bb5 Nge7 4. Nc3 d6 5. d4 Bd7 6. Be3 a6 7. Bc4 b5 8. Be2
Ng6 9. Qd2 Be7 10. Nd5 O-O 11. O-O-O Bg4 12. dxe5 Ncxe5 13. Nd4 Nc4 14. Qe1
Nxe3 15. Nxe3 Bxe2 16. Qxe2 Bf6 17. g3 Re8 18. Nd5 Bxd4 19. Rxd4 Ne7 20. Nc3
Nc6 21. Rdd1 Qe7 22. Rhe1 Rad8 23. f4 Kh8 24. Qd2 Rc8 25. Qd5 Nb4 26. Qh5 Qe6
27. Kb1 c5 28. a3 Nc6 29. Qd5 Red8 30. f5 Qe7 31. Qd2 Qe5 32. Nd5 Ne7 33. Qa5
Nc6 {...time} 1-0

[Event "1st League CS 2011"]
[Site "Kraljevo"]
[Date "2011.09.18"]
[Round "2.6"]
[White "Trifunovic, Miroljub"]
[Black "Ristic, Nebojsa M"]
[Result "1/2-1/2"]
[WhiteElo "2305"]
[BlackElo "2379"]
[PlyCount "25"]
[EventDate "2011.09.17"]

1. d4 Nf6 2. Nf3 c5 3. c4 cxd4 4. Nxd4 g6 5. Nc3 Bg7 6. e4 d6 7. Be2 O-O 8. O-O
Nc6 9. Be3 Bd7 10. f3 Nxd4 11. Bxd4 Bc6 12. Qd2 Nd7 13. Bxg7 1/2-1/2

[Event "1st League CS 2011"]
[Site "Kraljevo"]
[Date "2011.09.18"]
[Round "2.6"]
[White "Todorovic, Goran N"]
[Black "Zafirovski, Mite"]
[Result "1-0"]
[WhiteElo "2396"]
[BlackElo "2239"]
[PlyCount "97"]
[EventDate "2011.09.17"]

1. c4 Nf6 2. Nc3 e6 3. e4 d5 4. e5 d4 5. exf6 dxc3 6. bxc3 Qxf6 7. d4 e5 8. Nf3
exd4 9. cxd4 Bb4+ 10. Bd2 Bxd2+ 11. Qxd2 O-O 12. Be2 Rd8 13. O-O Nc6 14. d5 Bg4
15. Rac1 Bxf3 16. Bxf3 Ne5 17. Be4 Nd7 18. c5 Qh4 19. f4 Nf6 20. Bf3 Nxd5 21.
Bxd5 c6 22. Qb2 cxd5 23. Qxb7 Qf6 24. c6 Qd4+ 25. Kh1 Qb6 26. Rb1 Qxb7 27. cxb7
Rab8 28. Rfc1 d4 29. Rc7 d3 30. Kg1 d2 31. Rd1 g6 32. Kf2 Kf8 33. Ke2 Re8+ 34.
Kxd2 Re7 35. Rc8+ Re8 36. Rxb8 Rxb8 37. Rb1 Ke7 38. Kd3 Kd6 39. Kd4 f6 40. g4
a5 41. Rb6+ Kc7 42. Kc5 f5 43. gxf5 gxf5 44. Rc6+ Kxb7 45. Rb6+ Kc7 46. Rxb8
Kxb8 47. Kb5 Kb7 48. Kxa5 Kc6 49. Kb4 1-0

[Event "1st League CS 2011"]
[Site "Kraljevo"]
[Date "2011.09.18"]
[Round "2.5"]
[White "Maksimovic, Boban"]
[Black "Djokic, Nenad"]
[Result "0-1"]
[WhiteElo "2228"]
[BlackElo "2236"]
[PlyCount "86"]
[EventDate "2011.09.17"]

1. c4 c5 2. Nf3 g6 3. d4 Nf6 4. Nc3 cxd4 5. Nxd4 Nc6 6. e4 Nxd4 7. Qxd4 d6 8.
Bg5 Bg7 9. Nd5 O-O 10. Nc3 a5 11. Be2 Be6 12. O-O a4 13. Qd2 Qa5 14. Rac1 Rfc8
15. Nd5 Qxd2 16. Bxd2 Bxd5 17. exd5 Ne4 18. Rc2 b5 19. b3 axb3 20. axb3 Ra3 21.
Rb1 Nxd2 22. Rxd2 Bc3 23. Rc2 b4 24. Kf1 Rca8 25. Bd1 Kf8 26. Ke2 Ra1 27. Rcc1
R8a2+ 28. Kf3 Rxb1 29. Rxb1 Bd4 30. Be2 f5 31. Rd1 Bc5 32. Rf1 Kf7 33. Bd1 Rd2
34. Kg3 Bxf2+ 35. Kf4 Kf6 36. g3 Bd4 37. Kf3 Rxh2 38. Be2 h5 39. Bd3 g5 40. c5
dxc5 41. Bc4 Rd2 42. g4 hxg4+ 43. Kg3 Be5+ 0-1